Statistiques concernant Participants de Taupe Gun (saison 1-6)

Cliquez ici pour prendre le quiz!

Statistiques générales

  • Ce quiz a été pris 59 fois
    (49 depuis la dernière actualisation)
  • Le résultat moyen est 33 sur 78

Statistiques - réponses

Saison d'apparitionJoueur% Correct
Saison 1aypierre
93%
Saison 1Fukano
90%
Saison 1nemenems
83%
Saison 1azenet
76%
Saison 5Siphano
76%
Saison 2Frigiel
72%
Saison 1MrBboy45
72%
Saison 1ZeratoR
72%
Saison 3As2piK
69%
Saison 1Aurelien_Sama
69%
Saison 1JirayaTV
69%
Saison 1Xari_
69%
Saison 2Chelxie
66%
Saison 5Etoiles
66%
Saison 2SkyyartMC
66%
Saison 2SoulsStealer
66%
Saison 2Unsterblicher
66%
Saison 4HarryLafranc
62%
Saison 1MisterDaweed
62%
Saison 1Newtiteuf
62%
Saison 2Wolf381
62%
Saison 5ZeProf2Math
62%
Saison 1Dojin_972
59%
Saison 5MC_Ika
55%
Saison 3Roi_Louis
55%
Saison 1Alexclick
48%
Saison 1BillSilverlight
48%
Saison 4Loupio66
48%
Saison 1EpeeForte
45%
Saison 2Flaming_Talisker
45%
Saison 1thoyy
45%
Saison 1Zephirr
41%
Saison 4bxakid
38%
Saison 2bytel
38%
Saison 1Foxseen
38%
Saison 2M_Bardin
38%
Saison 5Nasgolito
38%
Saison 1Shortyg78
38%
Saison 2TheKid221
38%
Saison 6ZeProfd1fo
38%
Saison 5ZeProfdAplats
38%
Saison 3Amine_H
34%
Saison 2DavLec
34%
Saison 2Elspawn
34%
Saison 4Math0x
34%
Saison 2Mickalow
34%
Saison 2Pierretrot
34%
Saison 3Roma6633
34%
Saison 2Seyhial
34%
Saison 5ZeProf2Musik
34%
Saison 2Ichisu
31%
Saison 6Magicknup
31%
Saison 5MouetteVolante
31%
Saison 1muzaren
31%
Saison 5Saradine
31%
Saison 5ZeCpe
31%
Saison 6ZeProfDebizoux
31%
Saison 5ArmOhn
28%
Saison 3ARsaku
28%
Saison 2Brybry16
28%
Saison 5Nabot_Sadique
28%
Saison 5ZeProf2bio
28%
Saison 6ZeProf2Karamel
28%
Saison 6Zeprof2phylo
28%
Saison 3AR_Rac
24%
Saison 3AR_Seb
24%
Saison 5ChooseAGame
24%
Saison 5Palmacraft
21%
Troll GunSkillnez
21%
Saison 5T1nky
21%
Saison 6ZeProf2Java_
21%
Saison 6GotagaTV
17%
Saison 5ZeMaitresseDcole
17%
Troll GunOrange_Link
14%
Saison 5Starvet
10%
Saison 3Yomanus
7%
Saison 6ALMCM
3%
Troll GunBengyx
3%

Distribution des résultats

Percentile par nombre de réponses

% des personnes avec chaque résultat

Votre développement - résultats

Vous n’avez pas pris ce quiz depuis la dernière actualisation